000 00601cam a22002052 4500
001 0000002464
005 20151021151058.0
008 070411s xx 000 0 eng d
020 _cKES 950
040 _aKABU
_cKABU
050 0 _aHF5635
_b.S77
110 2 _aStrathmore University.
_bDistance Learning Centre.
_@0000150769
245 1 0 _aFoundations of accounting :
_bsubject no. 1 revision kit.
260 _aNairobi :
_bSUP,
_c2006.
300 _a236 p.
650 0 _aAccounting.
_@0000148321
908 _a070411
950 _@1
999 _c436
_d436